Дело по отношению начальника Нижегородской губернии об отправлении девиц Фелиции Шустовской и Валерии Вессенгоф на жительство в ...

Доступно только в Электронных читальных залах Найти на картеНа карте
RUSMARC
00003821nmc2a22000003x 450
001e4f5eb6d-badd-40d8-81ee-66bed45ea499
00520200303094147.0
100##$a20180905l18641867k l0rusy0189 ca
1010#$arus
102##$aRU
2001#$aДело по отношению начальника Нижегородской губернии об отправлении девиц Фелиции Шустовской и Валерии Вессенгоф на жительство в Оренбургскую губернию под надзор полиции на почтовых лошадях на казённый счет
$j24 февралям 1864 г. - 23 марта 1867 г.
251##$cДело
300##$aДело
801#0$aRU
$bРГИА
$c20180905
$gRCR
801#1$aRU
$bГлавНИВЦ
$c20180905
$2rusmarc
801#2$aRU
$bПБ им. Б.Н. Ельцина
$c20200303
$gRCR
$2rusmarc
850##$aРГИА
852##$aРГИА
$eФедеральное казенное учреждение "Российский государственный исторический архив" (РГИА)
$j1117
937##$hРГИА
$d12288508
$aASBIBLIO_SCAN
462#0$1001921ec746-9587-48a9-b6c2-ef8589ca621c
$12001
$aДела Департамента полиции исполнительной МВД за 1864 год
$1251
$cОпись
$1852
$j25
$l1864 г.
461#0$10013e300ed0-cd39-49af-8489-5ba5b90fa401
$12001
$aДепартамент полиции исполнительной МВД
$1251
$cФонд
$1852
$j1286
215##$a11 л.
$d36,5х26 см
371##$aДокумент не является опубликованным и широко распространяемым
105##$ay###
1222#$ad
035##$ae4f5eb6d-badd-40d8-81ee-66bed45ea499
856##$uhttp://readingroom.main.prlib.ru/item.aspx?id_node=n142461915&mode=full
Формат отображения